El imperio colonial alemán. (Record no. 82571)

MARC details
000 -LEADER
campo de control de longitud fija 00374nam a2200145 i 4500
001 - NÚMERO DE CONTROL
campo de control 82571
003 - IDENTIFICADOR DE NÚMERO DE CONTROL
campo de control ES-MaACL
005 - FECHA Y HORA DE LA ÚLTIMA TRANSACCIÓN
campo de control 20230906174710.0
007 - CAMPO FIJO DE DESCRIPCIÓN FÍSICA--INFORMACIÓN GENERAL
campo de control de longitud fija t|
008 - DATOS DE LONGITUD FIJA--INFORMACIÓN GENERAL
campo de control de longitud fija 041111s1938 sp ||||1| spa d
245 03 - MENCIÓN DEL TÍTULO
Título El imperio colonial alemán.
260 ## - PUBLICACIÓN, DISTRIBUCIÓN, ETC.
Lugar de publicación, distribución, etc. Salamanca :
Nombre del editor, distribuidor, etc. [s.n.,
Fecha de publicación, distribución, etc. 1938] (
Lugar de fabricación/manufactura Santander :
Fabricante Aldus)
300 ## - DESCRIPCIÓN FÍSICA
Extensión 39 p. ;
Dimensiones 22 cm.
852 ## - LOCALIZACIÓN
Ubicación ES-MaACL
Número de control de estantería 1816-F-21
Holdings
Estatus retirado Estado de pérdida Estado de daño No para préstamo Colección Biblioteca de origen Biblioteca actual Ubicación en estantería Fecha de adquisición Fuente de adquisición Total de préstamos Signatura topográfica completa Código de barras Visto por última vez Precio de reemplazo Tipo de ítem Koha
        Colección de folletos Biblioteca del Ateneo de Madrid Biblioteca del Ateneo de Madrid Depósito folletos 17/01/2008     1816-F-21 1086296 23/02/2023 23/02/2023 Folleto